| 000 | 01110cai a22001935a 4500 | ||
|---|---|---|---|
| 001 | L142696 | ||
| 008 | 080229u xxk g 000 0 eng d | ||
| 035 | _a(Sirsi) u142696 | ||
| 041 | 0 | _aeng | |
| 110 | 2 |
_aUnited Kingdom _bDepartment for Communities and Local Government _bPlanning Portal _95103 |
|
| 245 | 0 | 0 |
_aPlanning and mobile phone masts _h[electronic resource] |
| 520 | _aProvides details on planning issues surrounding mobile phone masts. Provides details on network operation and how this is facilitated by masts. Explains planning regulations, which seek to minimise environmental impact. Consultation and appeal procedures are outlined. Concerns about health related issues are addressed. A selection of frequently asked questions together with answers is presented. | ||
| 590 | _aKA | ||
| 651 | 4 |
_aUnited Kingdom _y |
|
| 690 |
_aPlanning and development _96259 |
||
| 690 | _aPROPERTY-INFRASTRUCTURE-TELECOMMUNICATIONS INFRASTRUCTURE | ||
| 856 | 4 | 0 |
_uhttps://www.planningportal.gov.uk/england/genpub/en/1115315371796.html _zView the website free of charge at www.planningportal.gov.uk... |
| 942 | _n0 | ||
| 999 |
_c120649 _d120649 |
||